000 01171nam0a22002771 4500
001 v19\rc\1935276
005 20251118180752.0
035 _a(NLR Aleph) 005019712
090 _a6575938
_c6575939
100 _a20080404d1912 |||y0rusy50 ca
101 0 _arus
102 _aRU
105 _ay z |||||
200 1 _aЗаписки к лекциям по химии, читанным в 1911-12 году в Харьковской земской фельдшерской школе
_fА. Сонцов
210 _aХарьков
_cЛит. Иванченко
_d1912
215 _a58 с.
_d26
309 _aНаписано от руки. Литогр.
532 1 1 _aЗаписки к лекциям по химии, читанным в тысяча девятьсот одиннадцатом-двенадцатом году в Харьковской земской фельдшерской школе
700 1 _aСонцов
_bА. А.
_gАдриан Александрович
801 0 _aRU
_bNLR
_gpsbo
801 0 _aRU
_bRuMoRGB
_2psbo
801 1 _aRU
_bProSoft-M
_2rusmarc
852 _aNLR
_j20.85.8.469
899 _aRuMoRGB
_jM 72/178
942 _cBOOK
980 _aNB